| 000 | 00465nam a2200181Ia 4500 | ||
|---|---|---|---|
| 003 | GCL | ||
| 008 | 140319s9999 xx 000 0 eng d | ||
| 040 |
_aGCL / _cGCL |
||
| 082 | 0 | 4 |
_a745.54 _bC M |
| 100 | 1 | _aCHAMBERS, ANNE | |
| 245 | 1 | 0 |
_aMARBLING ON PAPER USING OIL POINTS / _cCHAMBERS, ANNE |
| 260 |
_a[S.N] : _bSEARCH PRESS ، _c1992 |
||
| 300 | _a64 | ||
| 650 | 0 | 4 | _aPAPER |
| 650 | 0 | 4 | _aHANDCRAFTS USING PAPER |
| 650 | 0 | 4 | _aMARBLING PAPER |
| 942 |
_2ddc _cBK |
||
| 999 |
_c17675 _d17675 |
||